Operator commutation relations : commutation relations for operators, semigroups, and resolvents with applications to mathematical physics and representations of Lie groups
Αποθηκεύτηκε σε:
| Κύριος συγγραφέας: | |
|---|---|
| Άλλοι συγγραφείς: | |
| Μορφή: | Βιβλίο |
| Γλώσσα: | English |
| Δημοσίευση: |
Dordrecht ; Boston : Hingham, MA :
D. Reidel Pub. Co., ; Sold and distributed in the U.S.A. and Canada by Kluwer Academic Publishers,
c1984.
|
| Σειρά: | Mathematics and its applications
|
| Θέματα: | |
| Ετικέτες: |
Προσθήκη ετικέτας
Δεν υπάρχουν, Καταχωρήστε ετικέτα πρώτοι!
|
MARC
| LEADER | 00000cam a2200000 i 4500 | ||
|---|---|---|---|
| 001 | 1/31098 | ||
| 008 | 941103t1984 ne || eng|| | ||
| 020 | |a 9027717109 | ||
| 035 | |l 10038739 | ||
| 035 | |a 1993 | ||
| 040 | |a GR-MY-UA |b gre |e aacr | ||
| 041 | 0 | |a eng | |
| 082 | 0 | |a 515.7242 |2 (23) | |
| 100 | 1 | |a Jorgensen, Palle E. T., |d 1947- | |
| 245 | 1 | 0 | |a Operator commutation relations : |b commutation relations for operators, semigroups, and resolvents with applications to mathematical physics and representations of Lie groups / |c Palle E.T. Jorgensen and Robert T. Moore. |
| 260 | |a Dordrecht ; Boston : |b D. Reidel Pub. Co., ; |a Hingham, MA : |b Sold and distributed in the U.S.A. and Canada by Kluwer Academic Publishers, |c c1984. | ||
| 300 | |a xviii, 493 σ. ; |c 24 εκ. | ||
| 490 | 1 | |a (Mathematics and its applications) | |
| 504 | |a Βιβλιογραφία: σ. 476-486. Ευρετήριο. | ||
| 650 | 0 | 0 | |a Partial differential operators. |
| 650 | 0 | 0 | |a Commutation relations (Quantum mechanics) |
| 650 | 0 | 0 | |a Lie groups. |
| 650 | 0 | 0 | |a Representations of groups. |
| 700 | 1 | |a Moore, Robert T., |d 1938- | |
| 830 | 0 | |a Mathematics and its applications | |
| 852 | |a INST |b SAMOS |e 19941103 |h 515.7242 JOR |p 005300007351 |q 005300007351 |t BK |y 0 | ||
| 852 | |a INST |b SAMOS |e 20160211 |h 515.7242 JOR |p 005300043331 |q 005300043331 |t BK |y 0 | ||
| 909 | |a Σ |b 030447 | ||
| 922 | |a 3ΕΛΗ |b 201512 |c Τμήμα Μαθηματικών/Μεταπτυχιακό |d Διαδρομές | ||
| 970 | |a Κοσιέρης |b Χρήστος |z 11-02-2016 | ||